The physics of phase transitions : (Record no. 29991)

000 -LEADER
fixed length control field 00793 a2200229 4500
020 ## - INTERNATIONAL STANDARD BOOK NUMBER
International Standard Book Number 3540333894
020 ## - INTERNATIONAL STANDARD BOOK NUMBER
International Standard Book Number 9783540333890
082 04 - DEWEY DECIMAL CLASSIFICATION NUMBER
Classification number 530.474
090 ## - LOCALLY ASSIGNED LC-TYPE CALL NUMBER (OCLC); LOCAL CALL NUMBER (RLIN)
-- 1379
-- 1379
100 1# - MAIN ENTRY--PERSONAL NAME
Personal name Papon, Pierre.
245 14 - TITLE STATEMENT
Title The physics of phase transitions :
Remainder of title concepts and applications /
Statement of responsibility, etc. Pierre Papon, Jacques Leblond, Paul H.E. Meijer, S.L. Schnur.
250 ## - EDITION STATEMENT
Edition statement 2nd ed.
260 ## - PUBLICATION, DISTRIBUTION, ETC.
Place of publication, distribution, etc. [S.l.] :
Name of publisher, distributor, etc. Springer,
Date of publication, distribution, etc. 2006.
300 ## - PHYSICAL DESCRIPTION
Extent 427 p. ;
Dimensions 24 cm.
490 1# - SERIES STATEMENT
Series statement Advanced texts in physics.
700 1# - ADDED ENTRY--PERSONAL NAME
Personal name Leblond, Jacques.
700 1# - ADDED ENTRY--PERSONAL NAME
Personal name Meijer, Paul H.E.
700 1# - ADDED ENTRY--PERSONAL NAME
Personal name Schnur, S.L.
830 #0 - SERIES ADDED ENTRY--UNIFORM TITLE
Uniform title Advanced texts in physics.
942 ## - ADDED ENTRY ELEMENTS (KOHA)
Institution code [OBSOLETE] SNS
Koha item type Book
Call number prefix 530.474 PAP
Holdings
Withdrawn status Lost status Damaged status Not for loan Permanent Location Current Location Date acquired Total Checkouts Full call number Barcode Date last seen Price effective from Koha item type
        School of Natural Sciences (SNS) School of Natural Sciences (SNS) 05/26/2016   530.474 PAP SNS0000521 05/26/2016 05/26/2016 Book
© 2023 Central Library, National University of Sciences and Technology. All Rights Reserved.